书目信息 |
| 题名: |
高等数学
|
|
| 作者: | 刘新和 , 王中兴 , 黄敢基 主编 | |
| 分册: | 下 | |
| 出版信息: | 北京 北京大学出版社 2019.09 |
|
| 页数: | 334页 | |
| 开本: | 26cm | |
| 丛书名: | ||
| 单 册: | ||
| 中图分类: | O13 | |
| 科图分类: | ||
| 主题词: | 高等数学--gao deng shu xue--高等学校--教材 | |
| 电子资源: | ||
| ISBN: | 978-7-301-30678-9 | |
| 000 | 00926nam0 2200265 450 | |
| 001 | 2030317933 | |
| 005 | 20201122090537.19 | |
| 010 | @a978-7-301-30678-9@dCNY49.80 | |
| 100 | @a20200905d2019 em y0chiy50 ea | |
| 101 | 0 | @achi |
| 102 | @aCN@b110000 | |
| 105 | @ay z 000yy | |
| 106 | @ar | |
| 200 | 1 | @a高等数学@9gao deng shu xue@h下@f刘新和, 王中兴, 黄敢基主编 |
| 210 | @a北京@c北京大学出版社@d2019.09 | |
| 215 | @a334页@d26cm | |
| 300 | @a普通高等学校“十三五”数字化建设规划教材 | |
| 330 | @a本书内容包括:向量代数与空间解析几何,多元函数微分学,重积分及其应用,曲线积分与曲面积分,无穷级数,微分方程,差分方程初步。 | |
| 606 | 0 | @a高等数学@9gao deng shu xue@x高等学校@j教材 |
| 690 | @aO13@v5 | |
| 701 | 0 | @a刘新和@9liu xin he@f(1969-)@4主编 |
| 701 | 0 | @a王中兴@9wang zhong xing@f(1962-)@4主编 |
| 701 | 0 | @a黄敢基@9huang gan ji@4主编 |
| 801 | 0 | @aCN@bBJSZM@c20201120 |
| 905 | @b1242643-6@dO13@e1011:2@f4 | |
| 高等数学.下/刘新和, 王中兴, 黄敢基主编.-北京:北京大学出版社,2019.09 |
| 334页;26cm |
| 普通高等学校“十三五”数字化建设规划教材 |
| ISBN 978-7-301-30678-9:CNY49.80 |
| 本书内容包括:向量代数与空间解析几何,多元函数微分学,重积分及其应用,曲线积分与曲面积分,无穷级数,微分方程,差分方程初步。 |
| ● |
| 相关链接 |
|
|
|
|
正题名:高等数学
索取号:O13/1011:2
 
预约/预借
| 序号 | 登录号 | 条形码 | 馆藏地/架位号 | 状态 | 备注 |
| 1 | 1242643 | 212426436 | 第二样本阅览室/ [索取号:O13/1011:2] | 在馆 | |
| 2 | 1242644 | 212426445 | 第三借阅区/ [索取号:O13/1011:2] | 在馆 | |
| 3 | 1242645 | 212426454 | 第三借阅区/ [索取号:O13/1011:2] | 在馆 | |
| 4 | 1242646 | 212426463 | 第三借阅区/ [索取号:O13/1011:2] | 在馆 |